LEADER 01039nam a2200265 u 4500 001 000000037731 003 CaOOAMICUS 005 20070226113810.0 008 980416s1939 it u000 u ita u 035 $a10790493 040 $aPUL(R)$bita 100 1 $aAntolisei, Francesco,$d1882-1967.$0(OLS)http://pul/name/28243 245 12$aL'analisi del reato /$cFrancesco Antolisei. 260 $aPadova :$bCEDAM,$c1939. 300 $a44 p. ;$c21 cm 500 $aEstratto dalla "Rivista italiana di diritto penale", a. XII (1940), n. 1. 504 $aBibliografia in nota. 650 4$aDiritto penale.$0(OLS)http://pul/subject/1808 850 $aPUL 852 $aPUL$W1$xDP1 Miscellanee$y10$mMiscell.A.Borettini.229$j51538$nBK-PRI$b $qStampati Miscellanee$B51538$CPULBib$Z2$F51538 $H $81 941 1 $a17 960 $aPena (diritto)$91808 960 $aPena (diritto)$91808 996 $6245$aL'analisi del reato$9(OLS)http://pul/title/51316 996 $6260$aPadova :$bCEDAM$9(OLS)http://pul/publisher/48126 LEADER 01304nam a2200253 i 4500 001 000000135193 003 CaOOAMICUS 005 20130822145509.0 008 130822s2012 it rm u000 u eng c 040 $aANG$bita$dPUL 100 1 $aJoseph, Sheeba.$0(OLS)http://pul/name/87084 245 11$a"If you remain in my word, you are truly my disciples": an invitation to grow in discepliship :$ban exegetical-theological study of John 8:31-36 /$cSheeba Joseph. 260 $aRomae :$b[s.n.],$c2012. 300 $ax, 107 p.$c24 cm 502 $aEstratto da Tesi di Dottorato in S. Teologia-- Pontificia Studiorum Universitas a S. Thoma Aq. in Urbe, 2012. 504 $aBibliografia: p. [77]-102. 630 04$aBiblia.$pN.T.$pIohannes$xEsegesi.$0(OLS)http://pul/subject/37940 710 2 $aPontificia Universitą S. Tommaso.$bFacoltą di teologia.$kTesi.$0(OLS)http://pul/name/81834 850 $aPUL 852 $aPUL$W1$xDP1 Tesi Pon. Univ. S. Tommaso$y44$m2012 B 17$j151502$qTesi$B155194$CPULBib$Z2$F155194 $82 941 1 $a16 996 $6245$a"If you remain in my word, you are truly my disciples": an invitation to grow in discepliship :$ban exegetical-theological study of John 8:31-36$9(OLS)http://pul/title/170971 996 $6260$aRomae :$b[s.n.]$9(OLS)http://pul/publisher/48223